000 00524nam a2200193Ia 4500
005 20250326123716.0
008 250326s9999 xx 000 0 und d
037 _aTextbook
040 _aFMSL
_beng
_cFMSL
041 _aeng
_2eng
084 _aX:8F P1
_qFMSL
100 _aVan Horne J C
_9735870
245 0 _aFicial market partes and flows
_cVan Horne J C
250 _a6
260 _aNew Jersey
_bNew Jersey, Prentice-Hall
_c2001
300 _a304p
942 _cTB
_hX:8F P1
999 _c1270600
_d1270600